000 00900pam a2200277 a 4500
001 4679902
003 NUST - PNEC
005 20170116180836.0
008 811104s1982 ilua 001 0 eng
010 _a 81020002
020 _a0870063405
040 _aDLC
_cLIBRARY
_dDLC
050 0 0 _aTP492
_b.A43 1982
082 0 0 _a621.56 ALT
100 1 _aAlthouse, Andrew Daniel.
245 1 0 _aModern refrigeration and air conditioning /
_cby Andrew D. Althouse, Carl H. Turnquist, Alfred F. Bracciano.
260 _aSouth Holland, Ill. :
_bGoodheart-Willcox Co.,
_cc1982.
300 _a1012 p. :
_bill. ;
_c28 cm.
500 _aIncludes index.
650 0 _aRefrigeration and refrigerating machinery.
_xME
650 0 _aAir conditioning.
700 1 _aTurnquist, Carl Harold,
_d1910-
700 1 _aBracciano, Alfred F.
906 _a7
_bcbc
_corignew
_d1
_eocip
_f19
_gy-gencatlg
942 _2ddc
_cBK
999 _c64206
_d64206